[Event "Copenhagen Ch"]
[Site "Copenhagen"]
[Date "2003.02.12"]
[Round "7"]
[White "Aabling Thomsen, Jakob"]
[Black "Zachariassen, John"]
[Result "1-0"]
[WhiteElo "2181"]
[BlackElo "1856"]
[PlyCount "51"]
[EventDate "2003.02.07"]
[EventType "swiss"]
[EventRounds "9"]
[EventCountry "DEN"]

1. e4 g6 2. d4 Bg7 3. Nc3 d6 4. Bc4 Nc6 5. Nf3 Bd7 6. Be3 Qc8 7. Qd2 f6 8.
O-O-O Nd8 9. Rhe1 Nf7 10. e5 Kf8 11. Bf4 Bg4 12. Kb1 c6 13. Bxf7 Kxf7 14. exd6
e6 15. Ne4 b6 16. Qe2 Bf5 17. g4 Bxe4 18. Qxe4 Qd7 19. Qd3 Qe8 20. g5 b5 21.
gxf6 Bxf6 22. Ne5+ Bxe5 23. Bxe5 Nh6 24. Qe3 Nf5 25. Qg5 Rf8 26. Qf6+ 1-0

[Event "Copenhagen Ch"]
[Site "Copenhagen"]
[Date "2003.02.10"]
[Round "5"]
[White "Aabling Thomsen, Jakob"]
[Black "Brondum, Eric"]
[Result "0-1"]
[WhiteElo "2181"]
[BlackElo "2212"]
[PlyCount "94"]
[EventDate "2003.02.07"]
[EventType "swiss"]
[EventRounds "9"]
[EventCountry "DEN"]

1. e4 d6 2. d4 g6 3. Nc3 Bg7 4. Bc4 c6 5. Qf3 e6 6. Nge2 b5 7. Bb3 a5 8. a3 Ba6
9. d5 cxd5 10. Nxd5 exd5 11. Bxd5 Ra7 12. Be3 Rd7 13. Nd4 Nf6 14. Nc6 Nxc6 15.
Bxc6 O-O 16. Bxd7 Nxd7 17. O-O-O Ne5 18. Qg3 Qc7 19. Bd4 Rc8 20. Qc3 Qxc3 21.
Bxc3 b4 22. axb4 axb4 23. Rxd6 bxc3 24. Rxa6 cxb2+ 25. Kb1 Nc4 26. Rd1 Bc3 27.
Ra4 Kg7 28. Rd3 Nd2+ 29. Rxd2 Bxd2 30. Kxb2 Rb8+ 31. Ka2 Rb7 32. g3 Rb4 33.
Rxb4 Bxb4 34. Kb3 Bc5 35. f3 Bg1 36. h3 Bh2 37. g4 Kf6 38. Kc4 Ke5 39. Kd3 Bg1
40. Ke2 Kf4 41. Kf1 Ba7 42. Kg2 Bb6 43. c4 Bc5 44. h4 h6 45. e5 Kxe5 46. Kg3
Kd4 47. Kf4 Bd6# 0-1

[Event "Copenhagen Ch"]
[Site "Copenhagen"]
[Date "2003.02.07"]
[Round "1"]
[White "Aabling Thomsen, Jakob"]
[Black "Schmidt, Horst Hubert"]
[Result "1-0"]
[WhiteElo "2181"]
[BlackElo "1980"]
[PlyCount "79"]
[EventDate "2003.02.07"]
[EventType "swiss"]
[EventRounds "9"]
[EventCountry "DEN"]

1. e4 d6 2. d4 Nf6 3. Nc3 Nc6 4. f4 Bg4 5. Be2 Bxe2 6. Ngxe2 e5 7. O-O Qd7 8.
b3 exd4 9. Nxd4 Nxd4 10. Qxd4 Be7 11. Bb2 O-O 12. Rad1 c5 13. Qd3 Qc6 14. Nd5
Nxd5 15. exd5 Qd7 16. f5 f6 17. Rde1 Rfe8 18. Re6 b5 19. Rfe1 Bf8 20. Qg3 Kh8
21. R1e4 Qf7 22. Rh4 a5 23. Qh3 Qg8 24. a4 bxa4 25. Rxa4 Reb8 26. Bc3 Qf7 27.
Rh4 Qg8 28. Rg4 Qf7 29. Qh4 Be7 30. Qe1 Bf8 31. Qg3 a4 32. Rxf6 axb3 33. Rxf7
bxc2 34. Rxf8+ Rxf8 35. Bxg7+ Kg8 36. Bxf8+ Kf7 37. Rg7+ Kf6 38. Be7+ Kxf5 39.
Qf3+ Ke5 40. Bf6# 1-0

[Event "Copenhagen Ch"]
[Site "Copenhagen"]
[Date "2003.02.09"]
[Round "3"]
[White "Aabling Thomsen, Jakob"]
[Black "Jensen, Kim Roper"]
[Result "1-0"]
[WhiteElo "2181"]
[BlackElo "1790"]
[PlyCount "69"]
[EventDate "2003.02.07"]
[EventType "swiss"]
[EventRounds "9"]
[EventCountry "DEN"]

1. e4 c5 2. Nf3 Nc6 3. d4 cxd4 4. Nxd4 Nf6 5. Nc3 e5 6. Ndb5 d6 7. Bg5 a6 8.
Bxf6 gxf6 9. Na3 f5 10. Qh5 b5 11. exf5 Rg8 12. O-O-O Rb8 13. Ne4 Nd4 14. c3
Bxf5 15. Rxd4 exd4 16. Qxf5 Rg6 17. cxd4 Qc8+ 18. Qxc8+ Rxc8+ 19. Kb1 d5 20.
Ng3 Rgc6 21. Bd3 Bxa3 22. bxa3 Rc3 23. Re1+ Kd8 24. Bxh7 Rxa3 25. Re5 Rc4 26.
Rxd5+ Ke7 27. Ne2 Rb4+ 28. Ka1 Rba4 29. Bb1 b4 30. Kb2 a5 31. h4 f6 32. h5 Kf7
33. h6 Kg8 34. h7+ Kg7 35. Rd7+ 1-0

[Event "Copenhagen Ch"]
[Site "Copenhagen"]
[Date "2003.02.14"]
[Round "9"]
[White "Andersen, Niels Erik"]
[Black "Christensen, Aage"]
[Result "0-1"]
[WhiteElo "2022"]
[BlackElo "2005"]
[PlyCount "72"]
[EventDate "2003.02.07"]
[EventType "swiss"]
[EventRounds "9"]
[EventCountry "DEN"]

1. d4 Nf6 2. c4 c5 3. d5 b5 4. cxb5 a6 5. bxa6 Bxa6 6. Nc3 g6 7. f4 Qa5 8. Bd2
Qb6 9. Qc2 Bg7 10. h3 O-O 11. g3 d6 12. e4 Bxf1 13. Kxf1 Na6 14. a3 Nb4 15. Qb1
Qa6+ 16. Kg2 Nd3 17. Qc2 Rfb8 18. Rb1 c4 19. Nf3 Rb3 20. Be3 Rab8 21. Bc1 Nd7
22. Nd2 R3b7 23. a4 N7c5 24. Nd1 Nxc1 25. Qxc1 c3 26. Nxc3 Bxc3 27. Qxc3 Qe2+
28. Kg1 Nd3 29. Rh2 Qe3+ 30. Kh1 Qxg3 31. Qd4 Nxf4 32. b4 Rxb4 33. Rxb4 Rxb4
34. Qf2 Qg5 35. Qe3 Rxa4 36. Rf2 Ra1+ 0-1

[Event "Copenhagen Ch"]
[Site "Copenhagen"]
[Date "2003.02.10"]
[Round "5"]
[White "Andersen, Niels Erik"]
[Black "Hedegaard, Erik"]
[Result "1-0"]
[WhiteElo "2022"]
[BlackElo "1487"]
[PlyCount "179"]
[EventDate "2003.02.07"]
[EventType "swiss"]
[EventRounds "9"]
[EventCountry "DEN"]

1. d4 d5 2. c4 c6 3. Nc3 Nf6 4. cxd5 cxd5 5. Bf4 Bd7 6. Nf3 Nc6 7. e3 e6 8. Bd3
Be7 9. O-O a6 10. Rc1 O-O 11. Bb1 Rc8 12. h3 Be8 13. a3 Nh5 14. Bh2 f5 15. Na4
Bd6 16. Bxd6 Qxd6 17. Nc5 Qe7 18. b4 Bf7 19. Bd3 Nf6 20. Rc2 Ne4 21. Qe2 Bh5
22. Rfc1 Nxc5 23. Rxc5 Na7 24. Qd1 Rxc5 25. Rxc5 Rc8 26. Be2 Rxc5 27. bxc5 Nc6
28. Qa4 a5 29. Qb5 Qc7 30. Ng5 Bxe2 31. Qxe2 Nd8 32. Qb5 Qe7 33. h4 Nc6 34. g3
h6 35. Nh3 Qc7 36. Nf4 Kf7 37. Qe2 g6 38. g4 e5 39. Nxd5 Qd7 40. Nb6 Qd8 41. d5
Qxh4 42. dxc6 bxc6 43. gxf5 Qg5+ 44. Kf1 Qxf5 45. Qc4+ Kf6 46. e4 Qh3+ 47. Kg1
Qxa3 48. Nd7+ Kg5 49. Nxe5 Qa1+ 50. Kg2 Qxe5 51. f3 Qb2+ 52. Kg3 Qe5+ 53. Kg2
Kh4 54. Kf1 Qa1+ 55. Kf2 Qb2+ 56. Ke3 Qa3+ 57. Ke2 Qb4 58. Qc1 h5 59. Kf2 Qd4+
60. Kg2 Qe5 61. Qe1+ Kg5 62. Qxa5 h4 63. Qd8+ Kh5 64. Qd6 Qb2+ 65. Kh3 Qf2 66.
Qe5+ Kh6 67. Qh8+ Kg5 68. Qd8+ Kh5 69. Qh8+ Kg5 70. Qe5+ Kh6 71. Qf4+ Kg7 72.
e5 Qxc5 73. Qf6+ Kh6 74. Qxh4+ Kg7 75. Qf6+ Kh6 76. e6 Qf2 77. e7 Qf1+ 78. Kg4
Qg1+ 79. Kf4 Qc1+ 80. Ke5 Qe3+ 81. Kd6 Qd3+ 82. Kc7 Qa6 83. Qh8+ Kg5 84. Qe5+
Kh6 85. e8=Q Qa7+ 86. Kd6 Qa3+ 87. Qc5 Qd3+ 88. Kc7 Qd5 89. Qxd5 cxd5 90. Kc6
1-0

[Event "Copenhagen Ch"]
[Site "Copenhagen"]
[Date "2003.02.12"]
[Round "7"]
[White "Andersen, Niels Erik"]
[Black "Nilsson, Nils Specht"]
[Result "1/2-1/2"]
[WhiteElo "2022"]
[BlackElo "2183"]
[PlyCount "86"]
[EventDate "2003.02.07"]
[EventType "swiss"]
[EventRounds "9"]
[EventCountry "DEN"]

1. d4 d6 2. c4 g6 3. Nc3 Bg7 4. e4 Nc6 5. Be3 e5 6. d5 Nd4 7. f3 c5 8. Nge2 f5
9. exf5 gxf5 10. Qd2 a6 11. Bg5 Bf6 12. Bxf6 Nxf6 13. Ng3 f4 14. Nge4 Nxe4 15.
Nxe4 Bf5 16. Bd3 Bxe4 17. Bxe4 b5 18. Rc1 Qh4+ 19. Qf2 Qxf2+ 20. Kxf2 Rb8 21.
b3 Ke7 22. g4 fxg3+ 23. hxg3 Rbf8 24. Rh6 Kd7 25. Rch1 Nxf3 26. Rxh7+ Rxh7 27.
Rxh7+ Kc8 28. Bxf3 e4 29. Ke3 Rxf3+ 30. Kxe4 Rxg3 31. Ra7 bxc4 32. bxc4 Ra3 33.
Kf5 Kb8 34. Re7 Rxa2 35. Ke6 Rc2 36. Kxd6 Rxc4 37. Kc6 Rh4 38. d6 Rh8 39. Rb7+
Ka8 40. Re7 Kb8 41. d7 Rh6+ 42. Kxc5 Kc7 43. Rg7 Rc6+ 1/2-1/2

[Event "Copenhagen Ch"]
[Site "Copenhagen"]
[Date "2003.02.09"]
[Round "4"]
[White "Andersen, Niels Erik"]
[Black "Moller, Arne"]
[Result "0-1"]
[WhiteElo "2022"]
[BlackElo "2018"]
[PlyCount "50"]
[EventDate "2003.02.07"]
[EventType "swiss"]
[EventRounds "9"]
[EventCountry "DEN"]

1. d4 Nf6 2. c4 e6 3. Nc3 Bb4 4. Qc2 O-O 5. e4 Bxc3+ 6. bxc3 d6 7. Bd3 e5 8.
Ne2 h6 9. O-O Nbd7 10. Ng3 Re8 11. f4 Nf8 12. fxe5 dxe5 13. Qf2 N8h7 14. dxe5
Rxe5 15. Qd4 Qe8 16. Bf4 Re7 17. e5 Rd7 18. Qe3 Ng4 19. Qe4 Nf8 20. h3 Nxe5 21.
Bc2 Re7 22. Rae1 Neg6 23. Bxh6 Rxe4 24. Nxe4 Qc6 25. Be3 Be6 0-1

[Event "Copenhagen Ch"]
[Site "Copenhagen"]
[Date "2003.02.08"]
[Round "2"]
[White "Andersen, Niels Erik"]
[Black "Jensen, Alexander Lindberg"]
[Result "1-0"]
[WhiteElo "2022"]
[BlackElo "1561"]
[PlyCount "45"]
[EventDate "2003.02.07"]
[EventType "swiss"]
[EventRounds "9"]
[EventCountry "DEN"]

1. d4 d5 2. c4 e6 3. Nc3 Nf6 4. Bg5 Bb4 5. Nf3 c6 6. e3 Nbd7 7. Bd3 Qa5 8. Qc2
h6 9. Bh4 g5 10. Bg3 dxc4 11. Bxc4 Nd5 12. Rc1 N7b6 13. Bb3 Bd7 14. O-O Nxc3
15. bxc3 Be7 16. Ne5 Nd5 17. Nxd7 Kxd7 18. c4 Nf6 19. d5 exd5 20. cxd5 Nxd5 21.
Qf5+ Ke8 22. e4 Nc3 23. Qxa5 1-0

[Event "Copenhagen Ch"]
[Site "Copenhagen"]
[Date "2003.02.13"]
[Round "8"]
[White "Brondum, Eric"]
[Black "Jensen, Lars Max"]
[Result "1-0"]
[WhiteElo "2212"]
[BlackElo "1742"]
[PlyCount "49"]
[EventDate "2003.02.07"]
[EventType "swiss"]
[EventRounds "9"]
[EventCountry "DEN"]

1. d4 d5 2. Nf3 Nf6 3. e3 c6 4. Bd3 e6 5. O-O Nbd7 6. c4 dxc4 7. Bxc4 b5 8. Bd3
Bb7 9. e4 a6 10. Nc3 c5 11. d5 c4 12. Bc2 Qc7 13. Bg5 Be7 14. a3 Rd8 15. Qe2
Ne5 16. Nxe5 Qxe5 17. f4 Qd4+ 18. Kh1 exd5 19. exd5 Qc5 20. Bxf6 gxf6 21. Ne4
Qb6 22. d6 Rxd6 23. Nxd6+ Qxd6 24. Rad1 Qb6 25. Be4 1-0

[Event "Copenhagen Ch"]
[Site "Copenhagen"]
[Date "2003.02.09"]
[Round "4"]
[White "Brondum, Eric"]
[Black "Larsen, Pelle O"]
[Result "1/2-1/2"]
[WhiteElo "2212"]
[BlackElo "2114"]
[PlyCount "21"]
[EventDate "2003.02.07"]
[EventType "swiss"]
[EventRounds "9"]
[EventCountry "DEN"]

1. d4 g6 2. g3 Nf6 3. Bg2 d5 4. Nf3 Bg7 5. O-O O-O 6. Bf4 c5 7. c3 Qb6 8. Qb3
Qxb3 9. axb3 cxd4 10. Nxd4 Nc6 11. Nxc6 1/2-1/2

[Event "Copenhagen Ch"]
[Site "Copenhagen"]
[Date "2003.02.11"]
[Round "6"]
[White "Brondum, Eric"]
[Black "Christensen, Bo Garner"]
[Result "0-1"]
[WhiteElo "2212"]
[BlackElo "2201"]
[PlyCount "68"]
[EventDate "2003.02.07"]
[EventType "swiss"]
[EventRounds "9"]
[EventCountry "DEN"]

1. d4 Nf6 2. c4 g6 3. Nc3 Bg7 4. e4 d6 5. Nf3 O-O 6. h3 e5 7. d5 a5 8. Bg5 Na6
9. g4 Nc5 10. Bd3 c6 11. Qe2 a4 12. Bc2 Qa5 13. Rb1 cxd5 14. cxd5 b6 15. Bd2
Qa7 16. Qe3 Ba6 17. Ng1 Rac8 18. Nge2 Qd7 19. f3 Kh8 20. Kf2 Ng8 21. Ng3 Ne7
22. h4 f5 23. gxf5 gxf5 24. exf5 Nxf5 25. Nxf5 Rxf5 26. Bxf5 Qxf5 27. Ne4 Nd3+
28. Kg3 Rg8 29. Ng5 Bf6 30. Qe4 Qd7 31. Qg4 Qe7 32. Be3 Bc8 33. Qh5 Nf4 34.
Bxf4 exf4+ 0-1

[Event "Copenhagen Ch"]
[Site "Copenhagen"]
[Date "2003.02.10"]
[Round "5"]
[White "Busk, Casper"]
[Black "Christensen, Aage"]
[Result "1-0"]
[WhiteElo "2076"]
[BlackElo "2005"]
[PlyCount "119"]
[EventDate "2003.02.07"]
[EventType "swiss"]
[EventRounds "9"]
[EventCountry "DEN"]

1. e4 c5 2. Nf3 Nc6 3. d4 cxd4 4. Nxd4 Nf6 5. Nc3 g6 6. Be3 Bg7 7. f3 O-O 8.
Bc4 d6 9. Qd2 Bd7 10. O-O-O Rc8 11. Bb3 Ne5 12. h4 Nc4 13. Bxc4 Rxc4 14. h5
Nxh5 15. g4 Nf6 16. e5 dxe5 17. Nb3 Qc7 18. g5 Nh5 19. Qxd7 Rxc3 20. bxc3 Qxc3
21. Qd2 Qc6 22. Qd5 Qa4 23. Kb1 Ng3 24. Rh2 e4 25. Bd4 e6 26. Qa5 Qxa5 27. Nxa5
e5 28. Bc5 Re8 29. Rg2 exf3 30. Rxg3 b6 31. Rxf3 e4 32. Rb3 bxc5 33. Nc4 h6 34.
Rb7 hxg5 35. Nd6 Rd8 36. Kc1 f5 37. Nf7 Re8 38. Nxg5 Bf6 39. Rg1 Bd4 40. Re1
Bf6 41. Nh3 g5 42. Rxa7 g4 43. Rg1 e3 44. Nf4 e2 45. Re1 Bg5 46. Ra4 g3 47. Kb2
Bf6+ 48. Kb3 Re3+ 49. Kc4 Bc3 50. Rxe2 Rf3 51. Kxc5 Rf2 52. Ra3 Bb4+ 53. Kxb4
Rxf4+ 54. Kc5 Rg4 55. Rg2 f4 56. Kd5 Kg7 57. Ke4 Kg6 58. Ra5 Rh4 59. c4 Kh6 60.
Kf3 1-0

[Event "Copenhagen Ch"]
[Site "Copenhagen"]
[Date "2003.02.14"]
[Round "9"]
[White "Busk, Casper"]
[Black "Pallesen, Jacob"]
[Result "1-0"]
[WhiteElo "2076"]
[BlackElo "2092"]
[PlyCount "107"]
[EventDate "2003.02.07"]
[EventType "swiss"]
[EventRounds "9"]
[EventCountry "DEN"]

1. e4 c5 2. Nf3 Nc6 3. d4 cxd4 4. Nxd4 d6 5. Nc3 Nf6 6. Be3 g6 7. f3 Bg7 8. Qd2
O-O 9. Bc4 Bd7 10. O-O-O Qa5 11. Bb3 Rfc8 12. Kb1 Ne5 13. h4 Nc4 14. Bxc4 Rxc4
15. Nb3 Qc7 16. g4 Be6 17. Nd4 Rc8 18. h5 Rxc3 19. Qxc3 Qxc3 20. bxc3 Bc4 21.
Rh2 Nd7 22. hxg6 fxg6 23. Bg5 Bf6 24. Bxf6 Nxf6 25. Kb2 Kg7 26. Rdh1 Bg8 27. g5
Nh5 28. Nf5+ gxf5 29. Rxh5 fxe4 30. fxe4 Rc5 31. g6 Rxh5 32. Rxh5 hxg6 33. Rb5
b6 34. a4 Bc4 35. Rb4 Be2 36. Kc1 Kf6 37. Kd2 Bf1 38. Ke3 Ke5 39. Rb1 Bc4 40.
Rg1 Kf6 41. Kd4 Bf7 42. c4 Be8 43. Ra1 Bc6 44. a5 e5+ 45. Kd3 b5 46. cxb5 Bxb5+
47. c4 Ba6 48. Rb1 g5 49. Rb8 Kg6 50. Rd8 Kh5 51. Rxd6 Bc8 52. Rd5 g4 53. Ke3
Kh4 54. Kf2 1-0

[Event "Copenhagen Ch"]
[Site "Copenhagen"]
[Date "2003.02.09"]
[Round "3"]
[White "Busk, Casper"]
[Black "Lund, Silas"]
[Result "0-1"]
[WhiteElo "2076"]
[BlackElo "2306"]
[PlyCount "87"]
[EventDate "2003.02.07"]
[EventType "swiss"]
[EventRounds "9"]
[EventCountry "DEN"]

1. e4 e6 2. d4 d5 3. Nc3 Bb4 4. e5 c5 5. a3 Bxc3+ 6. bxc3 Ne7 7. Qg4 O-O 8. Bd3
Nbc6 9. Qh5 Ng6 10. Nf3 Qe8 11. Be3 c4 12. Ng5 h6 13. Nxf7 Ngxe5 14. dxe5 cxd3
15. Nxh6+ gxh6 16. Qxh6 d2+ 17. Kxd2 Nxe5 18. Qg5+ Ng6 19. h4 Rf5 20. Qh6 d4
21. cxd4 Qf7 22. h5 Ne7 23. Rh3 Rxf2+ 24. Bxf2 Qxf2+ 25. Kd3 Qxg2 26. Rhh1 Qf3+
27. Kd2 Qf2+ 28. Kd3 Qf3+ 29. Kd2 Qf2+ 30. Kd3 Qxd4+ 31. Ke2 Qe4+ 32. Kd2 Qg2+
33. Kd3 Qd5+ 34. Ke2 Qg2+ 35. Kd3 Nf5 36. Qf4 Qd5+ 37. Ke2 Qg2+ 38. Kd3 Qd5+
39. Ke2 Bd7 40. Rhg1+ Kf7 41. h6 Bb5+ 42. Ke1 Rh8 43. Rg7+ Kf6 44. Rd1 {Tid}
0-1

[Event "Copenhagen Ch"]
[Site "Copenhagen"]
[Date "2003.02.07"]
[Round "1"]
[White "Busk, Casper"]
[Black "Christensen, Aage Niels"]
[Result "1-0"]
[WhiteElo "2076"]
[BlackElo "1272"]
[PlyCount "57"]
[EventDate "2003.02.07"]
[EventType "swiss"]
[EventRounds "9"]
[EventCountry "DEN"]

1. e4 e6 2. d4 d5 3. Nd2 Nf6 4. e5 Nfd7 5. c3 c5 6. Bd3 Nc6 7. Ne2 cxd4 8. cxd4
Be7 9. f4 f5 10. exf6 Nxf6 11. O-O Bd6 12. Nf3 Bd7 13. Ne5 Ne7 14. Ng3 O-O 15.
f5 Nxf5 16. Nxf5 exf5 17. Nxd7 Qxd7 18. Bxf5 Qc7 19. g3 Rae8 20. Bf4 Bxf4 21.
Rxf4 Qe7 22. Rc1 Qe2 23. Qc2 Qxc2 24. Rxc2 Re1+ 25. Kf2 Rfe8 26. Bd3 R1e7 27.
Bb5 Rf8 28. Kf3 h6 29. Bd3 $138 1-0

[Event "Copenhagen Ch"]
[Site "Copenhagen"]
[Date "2003.02.12"]
[Round "7"]
[White "Busk, Casper"]
[Black "Brondum, Eric"]
[Result "1/2-1/2"]
[WhiteElo "2076"]
[BlackElo "2212"]
[PlyCount "52"]
[EventDate "2003.02.07"]
[EventType "swiss"]
[EventRounds "9"]
[EventCountry "DEN"]

1. e4 c5 2. Nf3 d6 3. d4 cxd4 4. Nxd4 Nf6 5. Nc3 a6 6. Rg1 e5 7. Nb3 Be6 8. g4
h6 9. h4 Nfd7 10. g5 hxg5 11. hxg5 Nb6 12. Be3 N8d7 13. Qd2 Qc7 14. g6 fxg6 15.
Rxg6 Bf7 16. Rg3 Nf6 17. O-O-O O-O-O 18. f4 Nh5 19. Bxb6 Qxb6 20. Na4 Qa7 21.
Rc3+ Kb8 22. fxe5 Be7 23. exd6 Bxd6 24. e5 Be7 25. Bd3 g5 26. Nac5 Bxb3 1/2-1/2

[Event "Copenhagen Ch"]
[Site "Copenhagen"]
[Date "2003.02.10"]
[Round "5"]
[White "Carstensen, Jacob"]
[Black "Petersen, Steen"]
[Result "1-0"]
[WhiteElo "2273"]
[BlackElo "2110"]
[PlyCount "79"]
[EventDate "2003.02.07"]
[EventType "swiss"]
[EventRounds "9"]
[EventCountry "DEN"]

1. c4 e5 2. Nc3 Nf6 3. Nf3 Nc6 4. g3 d5 5. cxd5 Nxd5 6. Bg2 Nb6 7. O-O Be7 8.
d3 O-O 9. a3 Be6 10. b4 Nd4 11. Bb2 Bb3 12. Qd2 Nc4 13. Qc1 Nxf3+ 14. Bxf3 Bg5
15. e3 Qxd3 16. Be2 Qf5 17. Nb5 Qe4 18. Nc3 Qc6 19. b5 Qe6 20. Bf3 Rad8 21.
Bxb7 Nxe3 22. Ne4 Nxf1 23. Qxg5 f6 24. Qc1 Bc4 25. a4 Be2 26. Nc3 Bc4 27. Ne4
Be2 28. Nc3 Nd2 29. Nxe2 Nb3 30. Qc2 Nxa1 31. Bxa1 Kh8 32. Bb2 Qd6 33. Qe4 Qc5
34. Bc3 Rd1+ 35. Kg2 Rfd8 36. Bb4 Qb6 37. Bc6 R1d3 38. Qf5 Rd1 39. a5 Qb8 40.
Be4 1-0

[Event "Copenhagen Ch"]
[Site "Copenhagen"]
[Date "2003.02.09"]
[Round "3"]
[White "Carstensen, Jacob"]
[Black "Andersen, Niels Erik"]
[Result "1-0"]
[WhiteElo "2273"]
[BlackElo "2022"]
[PlyCount "61"]
[EventDate "2003.02.07"]
[EventType "swiss"]
[EventRounds "9"]
[EventCountry "DEN"]

1. d4 d5 2. c4 e6 3. Nc3 Nf6 4. cxd5 exd5 5. Bg5 Be7 6. e3 c6 7. Bd3 h6 8. Bf4
Nbd7 9. h3 Nf8 10. Nf3 Ne6 11. Bh2 O-O 12. Bc2 Re8 13. Ne5 Ng5 14. O-O Nge4 15.
f3 Nd6 16. e4 Qb6 17. Qd3 Be6 18. Na4 Qb5 19. Nc5 Qxd3 20. Bxd3 Bc8 21. Rae1 a6
22. Nxc6 bxc6 23. e5 Bf5 24. exd6 Bxd3 25. Nxd3 Bf8 26. Rc1 Re6 27. Rxc6 Ne8
28. Nc5 Rg6 29. Nb7 a5 30. Rfc1 Nf6 31. Rc8 1-0

[Event "Copenhagen Ch"]
[Site "Copenhagen"]
[Date "2003.02.13"]
[Round "8"]
[White "Carstensen, Jacob"]
[Black "Jakobsen, Ole"]
[Result "1/2-1/2"]
[WhiteElo "2273"]
[BlackElo "2377"]
[PlyCount "80"]
[EventDate "2003.02.07"]
[EventType "swiss"]
[EventRounds "9"]
[EventCountry "DEN"]

1. d4 g6 2. c4 Bg7 3. Nc3 c5 4. d5 Bxc3+ 5. bxc3 f5 6. g4 d6 7. gxf5 Bxf5 8. f3
e5 9. h4 Nf6 10. e4 Bd7 11. Bg5 h6 12. Be3 Qe7 13. Qd2 Qg7 14. Bd3 Na6 15. Ne2
O-O-O 16. O-O-O Nh5 17. Rdg1 Rdf8 18. Ng3 Nf4 19. Bxf4 exf4 20. Nf5 Bxf5 21.
exf5 g5 22. Kc2 Qf6 23. Rg4 Nc7 24. Rhg1 Rfg8 25. Qg2 b5 26. hxg5 hxg5 27. Rxg5
Re8 28. Qd2 bxc4 29. Bxc4 Re3 30. Rg8+ Rxg8 31. Rxg8+ Kd7 32. Kb2 Qxf5 33. Qg2
Nxd5 34. Qg7+ Ne7 35. Ra8 Qe5 36. Rxa7+ Kc6 37. Ra6+ Kc7 38. Ra7+ Kb6 39. Ra6+
Kc7 40. Ra7+ Kb6 1/2-1/2

[Event "Copenhagen Ch"]
[Site "Copenhagen"]
[Date "2003.02.11"]
[Round "6"]
[White "Christensen, Aage"]
[Black "Moller, Frederik Oest"]
[Result "1-0"]
[WhiteElo "2005"]
[BlackElo "1593"]
[PlyCount "75"]
[EventDate "2003.02.07"]
[EventType "swiss"]
[EventRounds "9"]
[EventCountry "DEN"]

1. e4 c5 2. Nf3 d6 3. d4 cxd4 4. Nxd4 Nf6 5. Nc3 g6 6. f3 Bg7 7. Be3 O-O 8. Qd2
Nc6 9. O-O-O Nxd4 10. Bxd4 Be6 11. h4 h5 12. g4 hxg4 13. h5 Nxh5 14. Bxg7 Kxg7
15. Rxh5 Rh8 16. Rxh8 Qxh8 17. Bg2 gxf3 18. Bxf3 Qh6 19. Rh1 Qxd2+ 20. Kxd2 f6
21. Kd3 Rc8 22. b3 Bd7 23. Rh2 g5 24. Nd5 e6 25. Ne3 b6 26. Bg4 Rc5 27. Rf2 Kg6
28. b4 Rc7 29. Nc4 d5 30. exd5 exd5 31. Ne3 Bxg4 32. Nxg4 Rc6 33. Ne3 Rd6 34.
Kd4 a6 35. Rf5 g4 36. Rf4 f5 37. Rxf5 g3 38. Rf3 1-0

[Event "Copenhagen Ch"]
[Site "Copenhagen"]
[Date "2003.02.08"]
[Round "2"]
[White "Christensen, Aage"]
[Black "Schidt, Niels Christian"]
[Result "1/2-1/2"]
[WhiteElo "2005"]
[BlackElo "2054"]
[PlyCount "48"]
[EventDate "2003.02.07"]
[EventType "swiss"]
[EventRounds "9"]
[EventCountry "DEN"]

1. e4 c5 2. Nf3 Nc6 3. d4 cxd4 4. Nxd4 Nf6 5. Nc3 d6 6. Be2 e6 7. Be3 Be7 8.
O-O O-O 9. f4 Qc7 10. Qe1 Nb4 11. Qg3 e5 12. fxe5 dxe5 13. Ncb5 Nxe4 14. Qf3
Qb6 15. Nf5 Bc5 16. Qxe4 Bxf5 17. Rxf5 Bxe3+ 18. Kh1 Nc6 19. Bd3 g6 20. Raf1
Bf4 21. g3 Ne7 22. R5xf4 exf4 23. Qxe7 Qc6+ 24. Kg1 Qb6+ 1/2-1/2

[Event "Copenhagen Ch"]
[Site "Copenhagen"]
[Date "2003.02.13"]
[Round "8"]
[White "Christensen, Aage"]
[Black "Larsen, Pelle O"]
[Result "0-1"]
[WhiteElo "2005"]
[BlackElo "2114"]
[PlyCount "96"]
[EventDate "2003.02.07"]
[EventType "swiss"]
[EventRounds "9"]
[EventCountry "DEN"]

1. e4 e6 2. d4 d5 3. exd5 exd5 4. Nf3 Bd6 5. Bb5+ c6 6. Be2 Ne7 7. c4 O-O 8.
O-O Nd7 9. Bg5 dxc4 10. Bxc4 Nb6 11. Bd3 f6 12. Be3 Bf5 13. Nc3 Bxd3 14. Qxd3
Nbd5 15. Rfe1 Qd7 16. Ne4 b6 17. Nxd6 Qxd6 18. Qb3 Rfd8 19. Re2 Kf8 20. Rae1
Ng6 21. g3 Re8 22. Nd2 Qd7 23. Qa3+ Qe7 24. Qxe7+ Rxe7 25. Nc4 Rd8 26. Bd2 Rxe2
27. Rxe2 Nge7 28. Ne3 Ke8 29. Bc3 Kd7 30. Kf1 Re8 31. Nxd5 Nxd5 32. Rxe8 Kxe8
33. Ke2 Kd7 34. Bd2 Ke6 35. h4 Ne7 36. a4 Kd5 37. Kd3 Nf5 38. Bb4 Nxd4 39. Bc3
Ne6 40. b4 c5 41. a5 cxb4 42. Bxb4 Nc5+ 43. Ke3 b5 44. h5 Kc4 45. Be1 b4 46. f4
f5 47. g4 fxg4 48. Bg3 b3 0-1

[Event "Copenhagen Ch"]
[Site "Copenhagen"]
[Date "2003.02.14"]
[Round "9"]
[White "Christensen, Aage Niels"]
[Black "Drger, Michael"]
[Result "0-1"]
[WhiteElo "1272"]
[BlackElo "1568"]
[PlyCount "36"]
[EventDate "2003.02.07"]
[EventType "swiss"]
[EventRounds "9"]
[EventCountry "DEN"]

1. d4 d5 2. c4 Nc6 3. Nc3 Nf6 4. Bg5 e6 5. e3 Bb4 6. Rc1 O-O 7. a3 Bxc3+ 8.
Rxc3 Ne7 9. f3 c6 10. Bd3 dxc4 11. Rxc4 Qa5+ 12. Qd2 Qxg5 13. h4 Qg3+ 14. Kd1
e5 15. Ne2 Qxg2 16. Rg1 Qxf3 17. Rg3 Qf1+ 18. Kc2 e4 0-1

[Event "Copenhagen Ch"]
[Site "Copenhagen"]
[Date "2003.02.09"]
[Round "4"]
[White "Christensen, Aage Niels"]
[Black "Sandbech, Ted"]
[Result "0-1"]
[WhiteElo "1272"]
[BlackElo "1519"]
[PlyCount "126"]
[EventDate "2003.02.07"]
[EventType "swiss"]
[EventRounds "9"]
[EventCountry "DEN"]

1. d4 d5 2. c4 c6 3. Nf3 Nf6 4. Nc3 Bf5 5. e3 e6 6. Bd3 Bg4 7. h3 dxc4 8. Bxc4
Bh5 9. O-O Be7 10. Be2 O-O 11. Re1 Nbd7 12. a3 a6 13. Bd2 Qc7 14. Rc1 Rac8 15.
e4 Qb8 16. Be3 Rfd8 17. Nh2 Bxe2 18. Qxe2 e5 19. Nf3 exd4 20. Nxd4 Bc5 21. Nf5
Re8 22. Bxc5 Nxc5 23. e5 Rcd8 24. Qc4 Nd3 25. exf6 Rxe1+ 26. Rxe1 Nxe1 27. Nh6+
gxh6 28. Qg4+ Kf8 29. Qg7+ Ke8 30. Qg8+ Kd7 31. Qxf7+ Kc8 32. Qe6+ Kc7 33. Qe7+
Rd7 34. Qe5+ Kc8 35. Qe8+ Rd8 36. Qe6+ Kc7 37. Qe7+ Kb6 38. Qe3+ c5 39. Na4+
Ka7 40. Qxc5+ b6 41. Qe7+ Ka8 42. Qxe1 Qd6 43. f7 Ka7 44. Nc3 Qf8 45. Qe6 Rd6
46. Qe5 Rd7 47. Qe8 Qxf7 48. Qxf7 Rxf7 49. Kf1 Re7 50. f3 Kb7 51. Kf2 Kc6 52.
Ne4 Kd5 53. Ke3 Kc4 54. Kd2 Kb3 55. Kc1 Rg7 56. Nd2+ Ka2 57. a4 Rc7+ 58. Kd1
Kxb2 59. f4 Rd7 60. f5 Kc3 61. f6 Rxd2+ 62. Ke1 Rd4 63. h4 Rd7 0-1

[Event "Copenhagen Ch"]
[Site "Copenhagen"]
[Date "2003.02.08"]
[Round "2"]
[White "Christensen, Aage Niels"]
[Black "Jensen, Lars Max"]
[Result "0-1"]
[WhiteElo "1272"]
[BlackElo "1742"]
[PlyCount "48"]
[EventDate "2003.02.07"]
[EventType "swiss"]
[EventRounds "9"]
[EventCountry "DEN"]

1. d4 d5 2. c4 c6 3. Nf3 Nf6 4. e3 e6 5. Nc3 Nbd7 6. Bd3 dxc4 7. Bxc4 b5 8. Bd3
Bb7 9. Qe2 a6 10. a3 c5 11. O-O Qc7 12. h3 Bd6 13. Bd2 Rc8 14. Rfc1 Qb8 15. Re1
O-O 16. Rac1 Rfd8 17. a4 c4 18. Bc2 b4 19. Nb1 a5 20. Bd1 Ba6 21. Qf1 c3 22.
Qxa6 cxd2 23. Rxc8 dxe1=Q+ 24. Nxe1 Rxc8 0-1

[Event "Copenhagen Ch"]
[Site "Copenhagen"]
[Date "2003.02.11"]
[Round "6"]
[White "Christensen, Aage Niels"]
[Black "Dogru, Latif"]
[Result "1-0"]
[WhiteElo "1272"]
[BlackElo "1323"]
[PlyCount "62"]
[EventDate "2003.02.07"]
[EventType "swiss"]
[EventRounds "9"]
[EventCountry "DEN"]

1. d4 Nf6 2. c4 e6 3. Nc3 Bb4 4. e3 c6 5. a3 Bxc3+ 6. bxc3 Ne4 7. Nf3 d5 8. Bd3
Nxc3 9. Qc2 dxc4 10. Bxc4 Nd5 11. O-O O-O 12. Bd3 h6 13. Rb1 Nd7 14. Re1 Re8
15. e4 Ne7 16. e5 Nf5 17. Kh1 Kf8 18. a4 Nb6 19. Re4 Rb8 20. g4 Ne7 21. Rf4
Nbd5 22. Rf6 Nxf6 23. exf6 Ng6 24. g5 hxg5 25. fxg7+ Kxg7 26. Bxg5 Qd7 27. Bxg6
fxg6 28. Ne5 Qd5+ 29. Kg1 Kf8 30. Qxg6 Re7 31. Bh6+ Rg7 {Her bliver der sat
mat med et ulovligt trak Df7#} 1-0